00572nam a22002057a 4500003000400000020001900004082001800023100002000041245003300061250000800094260003900102300000800141650001900149653001500168700001900183700001900202942001200221952011600233999001700349SGT a97893587923898 a617.632bA24W aWadhwa, Viyanti aAnalgesics in Periodontology a1st aIndiabRedshine Publicationsc2024 a183 aPeriodontology aAnalgesics aSharma, Shikha aBhardwaj, Amit 2ddccBK 00102ddc405171aFDbFDcREFd2024-08-05iSGTUl0o617.632 A24WpFD9340r2024-08-05 00:00:00w2024-08-05yBK c26775d26775